000 00496nam a2200205Ia 4500
005 20240823013022.0
008 240823s9999||||xx |||||||||||||| ||und||
020 _a81-203-2350-5
041 _aENGLISH
082 _A658.8342 P4
100 _a"Schiffman,Leon G"
245 0 _aConsumer Behaviour
250 _a8th
260 _c2004
_b"Pearson Education,"
500 _aYES
650 _aConsumer
_bManagement Studies
700 _a" Kanuk,Leslie Lazar"
942 _cBK
999 _c166057
_d166057